000 004210000a22001690004500
003 MACL
005 20160106135316.0
008 160106b xxu||||| |||| 00| 0 eng d
040 _aMACL
_cMACL
041 _aEnglish
082 _a823/KAZ
100 _aKazakevech, E
_928719
245 _aHeart of A Friend
260 _bForeign Languages Publishing House
_aMoscow
650 _aStory
_928720
942 _cBK
_k823/Kaz
_2ddc
999 _c35207
_d35207